[Event "Yuzhny FO-ch op"]
[Site "Armavir"]
[Date "2015.02.??"]
[Round "7"]
[White "Levchuk, Ivan"]
[Black "Khachaturian, Georgiy N"]
[Result "1/2-1/2"]
[WhiteElo "1955"]
[BlackElo "2122"]
[PlyCount "68"]
[EventDate "2015.02.13"]
[EventType "swiss"]
[EventRounds "9"]
[EventCountry "RUS"]
[SourceTitle "CBM 165 Extra"]
[Source "ChessBase"]
[SourceDate "2015.04.21"]
[SourceVersion "1"]
[SourceVersionDate "2015.04.21"]
[SourceQuality "1"]

1. e4 c5 2. Nf3 a6 3. c4 Nc6 4. d4 cxd4 5. Nxd4 Nf6 6. Nc3 Qa5 7. Nb3 Qd8 8. Be3 d6 9. f3 g6 10. Nd5 Nxd5 11. cxd5 Ne5 12. Bd4 f6 13. Be2 Bg7 14. Rc1 Bd7 15. Qd2 a5 16. Qe3 0-0 17. 0-0 Qe8 18. Nd2 Bb5 19. b3 Bxe2 20. Qxe2 Rc8 21. Nc4 Qb5 22. Rc2 Nd7 23. Nb6 Qxe2 24. Rxe2 Rc7 25. Nxd7 Rxd7 26. Rc2 Kf7 27. Kf2 b5 28. Rfc1 Bh6 29. Be3 Bxe3+ 30. Kxe3 Ra8 31. Rc7 Rxc7 32. Rxc7 Rb8 33. a3 a4 34. b4 f5 1/2-1/2

[Event "Belorechensk Seniors op"]
[Site "Belorechensk"]
[Date "2013.02.18"]
[Round "6"]
[White "Khachaturian, Georgiy N"]
[Black "Gusakov, Anatoly"]
[Result "1/2-1/2"]
[WhiteElo "2183"]
[BlackElo "1938"]
[PlyCount "71"]
[EventDate "2013.02.13"]
[EventType "swiss"]
[EventRounds "9"]
[EventCountry "RUS"]
[SourceTitle "CBM 153 Extra"]
[Source "ChessBase"]
[SourceDate "2013.04.22"]
[SourceVersion "1"]
[SourceVersionDate "2013.04.22"]
[SourceQuality "1"]

1. d4 c6 2. c4 d5 3. Nc3 g6 4. Nf3 Nf6 5. Bg5 Bg7 6. e3 0-0 7. Qc2 Ne4 8. Nxe4 dxe4 9. Qxe4 f6 10. Bh4 Bf5 11. Qf4 Qa5+ 12. Nd2 g5 13. b4 gxf4 14. bxa5 fxe3 15. fxe3 e5 16. e4 Bc8 17. dxe5 fxe5 18. Nf3 Bg4 19. Be2 Rf4 20. Bg3 Rxe4 21. Rb1 Rxe2+ 22. Kxe2 e4 23. Rxb7 Na6 24. h3 exf3+ 25. gxf3 Re8+ 26. Kf2 Bd4+ 27. Kg2 Re2+ 28. Kf1 Bxf3 29. Rh2 Rxh2 30. Bxh2 Bh5 31. Rd7 Bc5 32. Be5 Bg6 33. h4 Bf5 34. Rb7 h5 35. Ke2 Bg4+ 36. Kd3 1/2-1/2

[Event "Belorechensk Seniors op"]
[Site "Belorechensk"]
[Date "2013.02.16"]
[Round "4"]
[White "Khachaturian, Georgiy N"]
[Black "Bakurov, Viacheslav"]
[Result "1/2-1/2"]
[WhiteElo "2183"]
[BlackElo "1971"]
[PlyCount "116"]
[EventDate "2013.02.13"]
[EventType "swiss"]
[EventRounds "9"]
[EventCountry "RUS"]
[SourceTitle "CBM 153 Extra"]
[Source "ChessBase"]
[SourceDate "2013.04.22"]
[SourceVersion "1"]
[SourceVersionDate "2013.04.22"]
[SourceQuality "1"]

1. d4 Nc6 2. c4 e5 3. d5 Nce7 4. e4 Ng6 5. Nc3 Nf6 6. f3 Bc5 7. Nge2 a6 8. Bd2 d6 9. Qb3 0-0 10. 0-0-0 c6 11. Kb1 cxd5 12. cxd5 b5 13. Rc1 Bd7 14. Nd1 Qb6 15. Be3 Rfc8 16. g3 a5 17. Bxc5 Rxc5 18. Rxc5 Qxc5 19. Qe3 Qc7 20. Qd2 Rc8 21. Nec3 b4 22. Ne2 Bb5 23. Ne3 Nd7 24. Bh3 Qb6 25. Rc1 Rxc1+ 26. Nxc1 Nc5 27. Bf1 Ne7 28. Bxb5 Qxb5 29. Qe2 Qxe2 30. Nxe2 Nc8 31. Nc4 a4 32. Kc2 g6 33. Nc1 f5 34. Nd3 b3+ 35. axb3 Nxb3 36. Kc3 Nd4 37. Ne1 fxe4 38. fxe4 Nb3 39. Kb4 Nc5 40. Nxd6 Na6+ 41. Kb5 Nxd6+ 42. Kxa6 Nxe4 43. Kb5 Kf7 44. Kxa4 Ke7 45. Nc2 Kd6 46. Ne3 Nc5+ 47. Kb5 Nb3 48. Kc4 Nd2+ 49. Kd3 Nb3 50. Kc3 Nd4 51. b4 Nf5 52. Nxf5+ gxf5 53. Kc4 f4 54. gxf4 exf4 55. b5 f3 56. Kd3 Kxd5 57. Ke3 Kc5 58. Kxf3 Kxb5 1/2-1/2

[Event "Belorechensk Seniors op"]
[Site "Belorechensk"]
[Date "2013.02.15"]
[Round "3"]
[White "Kamaletdinov, Farit"]
[Black "Khachaturian, Georgiy N"]
[Result "0-1"]
[WhiteElo "1924"]
[BlackElo "2183"]
[PlyCount "121"]
[EventDate "2013.02.13"]
[EventType "swiss"]
[EventRounds "9"]
[EventCountry "RUS"]
[SourceTitle "CBM 153 Extra"]
[Source "ChessBase"]
[SourceDate "2013.04.22"]
[SourceVersion "1"]
[SourceVersionDate "2013.04.22"]
[SourceQuality "1"]

1. b4 Nf6 2. c4 d5 3. e3 c6 4. Bb2 Nbd7 5. Nf3 e6 6. b5 Be7 7. Be2 0-0 8. 0-0 Nb6 9. cxd5 cxd5 10. a4 Bd7 11. Nc3 Rc8 12. Qb3 Nc4 13. Rfc1 Bd6 14. Na2 Nxb2 15. Rxc8 Bxc8 16. Qxb2 Qe7 17. Qd4 b6 18. Rc1 e5 19. Qa1 Bb7 20. d4 Nd7 21. dxe5 Nxe5 22. Nd4 Bc5 23. Qc3 Rc8 24. Nb3 h6 25. Qe1 Qe6 26. a5 Qg6 27. a6 Ba8 28. g3 Nc4 29. Nxc5 Rxc5 30. Qd1 Qe6 31. Nc3 Ne5 32. Na4 Rc8 33. Rxc8+ Qxc8 34. Qd4 Qc7 35. Nc3 Qd6 36. h4 f5 37. Kh2 Kf7 38. Kh3 g5 39. f4 g4+ 40. Kg2 Nd7 41. Bd3 Qe6 42. Kf2 Nc5 43. Bb1 Qf6 44. Qxf6+ Kxf6 45. Ke2 Ke6 46. Kd2 Nb3+ 47. Kc2 Nc5 48. Ne2 Ne4 49. Kd3 Nd6 50. Nd4+ Kf6 51. Ke2 h5 52. Kf2 Kg6 53. Bd3 Kf6 54. Kg2 Kg6 55. Ne6 d4+ 56. Kf2 dxe3+ 57. Kxe3 Kf6 58. Nc7 Bg2 59. Kd4 Bh1 60. Bc2 Bf3 61. Nd5+ 0-1

[Event "Belorechensk Seniors op"]
[Site "Belorechensk"]
[Date "2013.02.14"]
[Round "2"]
[White "Khachaturian, Georgiy N"]
[Black "Didy, Kaplan"]
[Result "0-1"]
[WhiteElo "2183"]
[BlackElo "1985"]
[PlyCount "48"]
[EventDate "2013.02.13"]
[EventType "swiss"]
[EventRounds "9"]
[EventCountry "RUS"]
[SourceTitle "CBM 153 Extra"]
[Source "ChessBase"]
[SourceDate "2013.04.22"]
[SourceVersion "1"]
[SourceVersionDate "2013.04.22"]
[SourceQuality "1"]

1. e4 c5 2. Nf3 d6 3. d4 cxd4 4. Nxd4 Nf6 5. Nc3 e6 6. Be3 a6 7. Be2 Be7 8. Qd2 Nc6 9. f3 Qc7 10. a3 Bd7 11. 0-0 Ne5 12. b3 Rc8 13. Nd1 d5 14. Nf2 Ng6 15. Bd3 Bd6 16. h3 Nh5 17. Ne2 0-0 18. exd5 exd5 19. Bxg6 fxg6 20. Qxd5+ Kh8 21. Rfd1 Bh2+ 22. Kf1 Bc6 23. Qd4 Be5 24. Qd2 Bxa1 0-1

[Event "Belorechensk Seniors op"]
[Site "Belorechensk"]
[Date "2013.02.13"]
[Round "1"]
[White "Vertegel, Evgeny"]
[Black "Khachaturian, Georgiy N"]
[Result "0-1"]
[WhiteElo "1813"]
[BlackElo "2183"]
[PlyCount "113"]
[EventDate "2013.02.13"]
[EventType "swiss"]
[EventRounds "9"]
[EventCountry "RUS"]
[SourceTitle "CBM 153 Extra"]
[Source "ChessBase"]
[SourceDate "2013.04.22"]
[SourceVersion "1"]
[SourceVersionDate "2013.04.22"]
[SourceQuality "1"]

1. d4 d5 2. Nf3 c6 3. c4 Nf6 4. Nc3 Nbd7 5. g3 dxc4 6. a4 a5 7. e4 Nb6 8. Ne5 e6 9. Nxc4 Bb4 10. f3 0-0 11. Be3 Nxc4 12. Bxc4 Qe7 13. 0-0 e5 14. dxe5 Qxe5 15. Bd4 Qe7 16. e5 Ne8 17. f4 Bf5 18. Qf3 Rd8 19. Ne2 Nc7 20. g4 Be6 21. Bd3 Rxd4 22. Nxd4 Bc5 23. Qe4 g6 24. Rad1 Rd8 25. Be2 Qd7 26. f5 Bxd4+ 27. Rxd4 Qxd4+ 28. Qxd4 Rxd4 29. fxe6 Nxe6 30. b3 Re4 31. Kf2 Rxe5 32. Rd1 Nc5 33. Bc4 Kf8 34. Rd8+ Re8 35. Rd4 h6 36. h4 Re4 37. Rd8+ Re8 38. Rd4 Ke7 39. Kf3 f6 40. Rd2 Nd7 41. Kf4 Ne5 42. g5 hxg5+ 43. hxg5 Nxc4 44. bxc4 f5 45. Rb2 Kd6 46. Rxb7 Re7 47. c5+ Ke6 48. Rb6 Kd5 49. Rb8 Re4+ 50. Kf3 Rg4 51. Ra8 Rxg5 52. Rxa5 Rg4 53. Ra8 g5 54. a5 Kxc5 55. a6 Kb6 56. a7 Kb7 57. Re8 0-1